[Event "33ème Open International d'Avoine"]
[Site "Avoine"]
[Date "2018.07.21"]
[Round "9.7"]
[White "Viers, Emmanuel"]
[Black "Naumkin, Igor"]
[Result "0-1"]
[WhiteElo "2126"]
[BlackElo "2379"]
[PlyCount "97"]
[EventDate "2018.??.??"]

1. d4 {[%emt 0:16:14]} Nf6 {[%emt 0:00:28]} 2. Nc3 {[%emt 0:00:15]} d5 {
[%emt 0:00:54]} 3. Nf3 {[%emt 0:00:07]} c5 {[%emt 0:01:24]} 4. dxc5 {
[%emt 0:06:12]} e6 {[%emt 0:00:40]} 5. e4 {[%emt 0:05:32]} Bxc5 {[%emt 0:01:08]
} 6. exd5 {[%emt 0:00:56]} exd5 {[%emt 0:00:43]} 7. Bb5+ {[%emt 0:00:54]} Nc6 {
[%emt 0:00:28]} 8. Qe2+ {[%emt 0:00:55]} Be6 {[%emt 0:05:04]} 9. Be3 {
[%emt 0:42:45]} Be7 {[%emt 0:15:39]} 10. Nd4 {[%emt 0:06:41]} Bd7 {
[%emt 0:05:23]} 11. Qf3 {[%emt 0:05:34]} O-O {[%emt 0:01:33]} 12. O-O {
[%emt 0:03:13]} a6 {[%emt 0:08:53]} 13. Bd3 {[%emt 0:01:13]} Ne5 {
[%emt 0:06:08]} 14. Qd1 {[%emt 0:00:21]} b5 {[%emt 0:05:15]} 15. Bg5 {
[%emt 0:12:51]} Nc4 {[%emt 0:09:21]} 16. Bxf6 {[%emt 0:01:41]} Bxf6 {
[%emt 0:01:02]} 17. Nxd5 {[%emt 0:00:33]} Bxd4 {[%emt 0:05:59]} 18. Bxc4 {
[%emt 0:00:24]} Bxb2 {[%emt 0:00:18]} 19. Rb1 {[%emt 0:00:05]} Be5 {
[%emt 0:01:29]} 20. Qh5 {[%emt 0:01:54]} Re8 {[%emt 0:05:18]} 21. Bd3 {
[%emt 0:01:41]} g6 {[%emt 0:00:24]} 22. Qf3 {[%emt 0:00:07]} Be6 {
[%emt 0:02:44]} 23. Nb4 {[%emt 0:00:55]} Qd6 {[%emt 0:02:36]} 24. h3 {
[%emt 0:00:13]} f5 {[%emt 0:04:28]} 25. Rfd1 {[%emt 0:00:14]} Qc5 {
[%emt 0:01:35]} 26. Qb7 {[%emt 0:00:54]} Bd4 {[%emt 0:06:45]} 27. Nxa6 {
[%emt 0:00:52]} Bxf2+ {[%emt 0:00:53]} 28. Kf1 {[%emt 0:00:31]} Qe3 {
[%emt 0:02:42]} 29. Nc7 {[%emt 0:00:34]} Bg3 {[%emt 0:01:03]} 30. Qf3 {
[%emt 0:00:32]} Qxf3+ {[%emt 0:00:18]} 31. gxf3 {[%emt 0:00:37]} Bxc7 {
[%emt 0:00:09]} 32. Bxb5 {[%emt 0:00:30]} Red8 {[%emt 0:02:28]} 33. a4 {
[%emt 0:00:23]} f4 {[%emt 0:01:43]} 34. c4 {[%emt 0:00:53]} Bxh3+ {
[%emt 0:00:17]} 35. Ke2 {[%emt 0:00:03]} Bf5 {[%emt 0:01:28]} 36. Rbc1 {
[%emt 0:00:28]} Rxd1 {[%emt 0:01:46]} 37. Rxd1 {[%emt 0:00:02]} Rd8 {
[%emt 0:01:59]} 38. Rc1 {[%emt 0:00:03]} Ba5 {[%emt 0:00:58]} 39. c5 {
[%emt 0:00:45]} Rd2+ {[%emt 0:00:46]} 40. Kf1 {[%emt 0:00:04]} Rc2 {
[%emt 0:00:30]} 41. Rxc2 {[%emt 0:02:40]} Bxc2 {[%emt 0:00:15]} 42. Kg2 {
[%emt 0:00:02]} Kf7 {[%emt 0:00:40]} 43. Kh3 {[%emt 0:00:05]} h5 {
[%emt 0:00:47]} 44. Bc4+ {[%emt 0:00:56]} Kf6 {[%emt 0:00:53]} 45. Bb5 {
[%emt 0:00:09]} Ke5 {[%emt 0:00:45]} 46. Be8 {[%emt 0:01:21]} Kd5 {
[%emt 0:01:35]} 47. c6 {[%emt 0:00:11]} Ke5 {[%emt 0:01:13]} 48. Kg2 {
[%emt 0:00:41]} Bc7 {[%emt 0:00:51]} 49. Bf7 {[%emt 0:01:26]} 0-1

[Event "33ème Open International d'Avoine"]
[Site "Avoine"]
[Date "2018.07.21"]
[Round "9.8"]
[White "Gely, Yann"]
[Black "Ollier, Pablo"]
[Result "1/2-1/2"]
[WhiteElo "2162"]
[BlackElo "2398"]
[PlyCount "69"]
[EventDate "2018.??.??"]

1. e4 {[%emt 0:00:01]} e5 {[%emt 0:00:33]} 2. Nf3 {[%emt 0:00:11]} Nc6 {
[%emt 0:00:07]} 3. c3 {[%emt 0:00:11]} Nf6 {[%emt 0:01:10]} 4. d4 {
[%emt 0:00:54]} Nxe4 {[%emt 0:00:56]} 5. d5 {[%emt 0:01:27]} Ne7 {
[%emt 0:00:51]} 6. Nxe5 {[%emt 0:00:18]} Ng6 {[%emt 0:01:19]} 7. Qe2 {
[%emt 0:06:17]} Qe7 {[%emt 0:02:32]} 8. Qxe4 {[%emt 0:06:50]} Qxe5 {
[%emt 0:00:27]} 9. Qxe5+ {[%emt 0:01:07]} Nxe5 {[%emt 0:00:08]} 10. Be3 {
[%emt 0:02:22]} d6 {[%emt 0:14:55]} 11. Na3 {[%emt 0:06:16]} a6 {[%emt 0:03:53]
} 12. Nc4 {[%emt 0:02:05]} Nxc4 {[%emt 0:06:12]} 13. Bxc4 {[%emt 0:01:20]} Be7
{[%emt 0:01:16]} 14. O-O {[%emt 0:01:27]} Bf6 {[%emt 0:04:47]} 15. Rfe1 {
[%emt 0:02:56]} Kd8 {[%emt 0:02:32]} 16. Rad1 {[%emt 0:02:26]} Re8 {
[%emt 0:05:02]} 17. Kf1 {[%emt 0:03:53]} b5 {[%emt 0:04:54]} 18. Bb3 {
[%emt 0:00:53]} a5 {[%emt 0:01:09]} 19. Bd4 {[%emt 0:02:09]} Bxd4 {
[%emt 0:15:50]} 20. Rxd4 {[%emt 0:00:19]} Bf5 {[%emt 0:00:40]} 21. a3 {
[%emt 0:07:32]} Re7 {[%emt 0:04:42]} 22. Bd1 {[%emt 0:02:01]} Rb8 {
[%emt 0:02:39]} 23. Be2 {[%emt 0:06:26]} g5 {[%emt 0:01:37]} 24. Bd3 {
[%emt 0:01:28]} Bxd3+ {[%emt 0:06:11]} 25. Rxd3 {[%emt 0:02:11]} b4 {
[%emt 0:01:31]} 26. cxb4 {[%emt 0:02:17]} axb4 {[%emt 0:00:07]} 27. a4 {
[%emt 0:00:26]} b3 {[%emt 0:01:15]} 28. Ra1 {[%emt 0:04:27]} Re4 {
[%emt 0:01:16]} 29. a5 {[%emt 0:00:50]} Reb4 {[%emt 0:00:50]} 30. Re3 {
[%emt 0:02:11]} Ra8 {[%emt 0:03:29]} 31. a6 {[%emt 0:01:18]} Kd7 {
[%emt 0:01:15]} 32. Rae1 {[%emt 0:07:40]} Rxa6 {[%emt 0:06:20]} 33. Re8 {
[%emt 0:01:35]} Ra1 {[%emt 0:00:21]} 34. R8e7+ {[%emt 0:00:19]} Kd8 {
[%emt 0:00:07]} 35. Re8+ {[%emt 0:01:30]} 1/2-1/2

[Event "33ème Open International d'Avoine"]
[Site "Avoine"]
[Date "2018.07.21"]
[Round "9.9"]
[White "Deslandes, Pascal"]
[Black "Roger, Mehdi"]
[Result "1/2-1/2"]
[WhiteElo "2362"]
[BlackElo "2177"]
[PlyCount "88"]
[EventDate "2018.??.??"]

1. e4 {[%emt 0:00:04]} c5 {[%emt 0:00:06]} 2. c3 {[%emt 0:00:08]} e6 {
[%emt 0:00:08]} 3. d4 {[%emt 0:00:11]} d5 {[%emt 0:00:06]} 4. e5 {
[%emt 0:00:11]} Qb6 {[%emt 0:00:12]} 5. Nf3 {[%emt 0:00:16]} Nc6 {
[%emt 0:00:10]} 6. a3 {[%emt 0:00:13]} Nh6 {[%emt 0:01:34]} 7. b4 {
[%emt 0:00:30]} cxd4 {[%emt 0:00:09]} 8. cxd4 {[%emt 0:00:07]} Nf5 {
[%emt 0:00:14]} 9. Bb2 {[%emt 0:00:16]} Bd7 {[%emt 0:01:57]} 10. g4 {
[%emt 0:00:34]} Nfe7 {[%emt 0:01:07]} 11. Nc3 {[%emt 0:00:21]} Ng6 {
[%emt 0:00:43]} 12. Na4 {[%emt 0:02:50]} Qd8 {[%emt 0:00:47]} 13. Rc1 {
[%emt 0:00:33]} b6 {[%emt 0:11:54]} 14. Ba6 {[%emt 0:03:39]} Rb8 {
[%emt 0:00:39]} 15. Nc3 {[%emt 0:09:11]} Be7 {[%emt 0:04:01]} 16. Qd2 {
[%emt 0:17:46]} O-O {[%emt 0:20:06]} 17. g5 {[%emt 0:00:41]} Nh4 {
[%emt 0:04:11]} 18. Nxh4 {[%emt 0:05:46]} Bxg5 {[%emt 0:00:21]} 19. f4 {
[%emt 0:00:23]} Bxh4+ {[%emt 0:00:07]} 20. Kd1 {[%emt 0:02:10]} Ne7 {
[%emt 0:16:27]} 21. Bd3 {[%emt 0:00:21]} Nf5 {[%emt 0:00:32]} 22. Rg1 {
[%emt 0:03:19]} g6 {[%emt 0:07:35]} 23. b5 {[%emt 0:16:50]} Nxd4 {
[%emt 0:13:04]} 24. Bxg6 {[%emt 0:02:18]} fxg6 {[%emt 0:01:09]} 25. Qxd4 {
[%emt 0:00:09]} Rc8 {[%emt 0:05:09]} 26. Qd3 {[%emt 0:07:44]} Be8 {
[%emt 0:07:49]} 27. Ne2 {[%emt 0:00:47]} Rxc1+ {[%emt 0:01:15]} 28. Bxc1 {
[%emt 0:00:18]} Bf2 {[%emt 0:06:01]} 29. Rg2 {[%emt 0:00:48]} Qh4 {
[%emt 0:02:22]} 30. a4 {[%emt 0:01:37]} Bc5 {[%emt 0:00:48]} 31. Bd2 {
[%emt 0:05:08]} Qh5 {[%emt 0:00:58]} 32. Kc1 {[%emt 0:01:12]} Qf5 {
[%emt 0:00:26]} 33. Rg3 {[%emt 0:03:50]} Qxd3 {[%emt 0:01:11]} 34. Rxd3 {
[%emt 0:00:05]} Bd7 {[%emt 0:00:58]} 35. Ng3 {[%emt 0:02:39]} Bc8 {
[%emt 0:02:48]} 36. Rc3 {[%emt 0:03:46]} Bb7 {[%emt 0:00:44]} 37. Kc2 {
[%emt 0:05:38]} d4 {[%emt 0:00:04]} 38. Rb3 {[%emt 0:00:14]} Bd5 {
[%emt 0:00:16]} 39. Rb1 {[%emt 0:00:12]} Rc8 {[%emt 0:00:47]} 40. Kd3 {
[%emt 0:00:14]} Kf7 {[%emt 0:00:56]} 41. Ne4 {[%emt 0:00:20]} Be7 {
[%emt 0:05:46]} 42. Rc1 Rxc1 43. Bxc1 Bb3 44. Bd2 {[%emt 0:00:07]} Bd5 1/2-1/2

[Event "33ème Open International d'Avoine"]
[Site "Avoine"]
[Date "2018.07.21"]
[Round "9.10"]
[White "Midy, Robin"]
[Black "Bouget, Alexandre"]
[Result "0-1"]
[WhiteElo "2148"]
[BlackElo "2282"]
[PlyCount "120"]
[EventDate "2018.??.??"]

1. d4 {[%emt 0:01:04]} d5 {[%emt 0:01:56]} 2. Bg5 {[%emt 0:01:08]} f6 {
[%emt 0:00:15]} 3. Bc1 {[%emt 0:00:46]} Bg4 {[%emt 0:06:29]} 4. h3 {
[%emt 0:12:42]} Bh5 {[%emt 0:01:52]} 5. g4 {[%emt 0:30:47]} Bf7 {[%emt 0:03:47]
} 6. Bg2 {[%emt 0:19:30]} Nc6 {[%emt 0:07:21]} 7. c4 {[%emt 0:09:55]} e6 {
[%emt 0:01:17]} 8. cxd5 {[%emt 0:00:55]} exd5 {[%emt 0:00:06]} 9. Nc3 {
[%emt 0:01:11]} Bb4 {[%emt 0:00:29]} 10. a3 {[%emt 0:05:01]} Bxc3+ {
[%emt 0:02:40]} 11. bxc3 {[%emt 0:00:01]} h5 {[%emt 0:01:01]} 12. gxh5 {
[%emt 0:12:38]} Nge7 {[%emt 0:03:49]} 13. h6 {[%emt 0:02:11]} gxh6 {
[%emt 0:00:54]} 14. Bf4 {[%emt 0:00:23]} Nf5 {[%emt 0:02:33]} 15. e3 {
[%emt 0:02:23]} Qd7 {[%emt 0:03:09]} 16. h4 {[%emt 0:03:17]} O-O-O {
[%emt 0:01:59]} 17. Ne2 {[%emt 0:00:23]} Rhg8 {[%emt 0:15:24]} 18. Ng3 {
[%emt 0:00:20]} Be6 {[%emt 0:03:03]} 19. Bf3 {[%emt 0:00:23]} Nce7 {
[%emt 0:01:52]} 20. h5 {[%emt 0:00:36]} Nxg3 {[%emt 0:00:30]} 21. Bxg3 {
[%emt 0:00:09]} Nf5 {[%emt 0:01:29]} 22. Bf4 {[%emt 0:00:05]} Nh4 {
[%emt 0:00:25]} 23. Bg3 {[%emt 0:05:27]} Nxf3+ {[%emt 0:18:50]} 24. Qxf3 {
[%emt 0:00:00]} Bg4 {[%emt 0:05:38]} 25. Qf4 {[%emt 0:00:06]} Rde8 {
[%emt 0:00:08]} 26. f3 {[%emt 0:01:28]} Be6 {[%emt 0:10:20]} 27. Kf2 {
[%emt 0:00:20]} Rg5 {[%emt 0:00:15]} 28. e4 {[%emt 0:00:48]} dxe4 {
[%emt 0:03:02]} 29. fxe4 {[%emt 0:00:00]} Bd5 {[%emt 0:00:38]} 30. Rhe1 {
[%emt 0:00:40]} Rg4 {[%emt 0:02:26]} 31. Qxc7+ {[%emt 0:00:42]} Qxc7 {
[%emt 0:00:04]} 32. Bxc7 {[%emt 0:00:02]} Bxe4 {[%emt 0:00:12]} 33. Bg3 {
[%emt 0:01:02]} f5 {[%emt 0:00:07]} 34. Be5 {[%emt 0:00:29]} Rg5 {
[%emt 0:01:47]} 35. Rg1 {[%emt 0:00:20]} Re6 {[%emt 0:03:23]} 36. Bf4 {
[%emt 0:00:37]} Rxh5 {[%emt 0:00:35]} 37. Rg7 {[%emt 0:00:35]} Rh3 {
[%emt 0:00:11]} 38. Be5 {[%emt 0:00:27]} Rb6 {[%emt 0:01:10]} 39. Rag1 {
[%emt 0:00:30]} Rb2+ {[%emt 0:00:06]} 40. Ke1 {[%emt 0:00:25]} Rb1+ {
[%emt 0:03:48]} 41. Ke2 {[%emt 0:16:02]} Rxg1 {[%emt 0:02:05]} 42. Rxg1 {
[%emt 0:00:08]} Rxc3 {[%emt 0:00:31]} 43. Rg8+ {[%emt 0:10:55]} Kd7 {
[%emt 0:00:09]} 44. d5 {[%emt 0:03:22]} Rc2+ {[%emt 0:00:41]} 45. Kd1 {
[%emt 0:00:11]} Rg2 {[%emt 0:10:20]} 46. Rxg2 {[%emt 0:14:28]} Bxg2 {
[%emt 0:00:04]} 47. d6 {[%emt 0:00:21]} Bc6 {[%emt 0:00:35]} 48. Ke2 {
[%emt 0:05:04]} Ke6 {[%emt 0:00:27]} 49. Bf4 {[%emt 0:00:17]} h5 {
[%emt 0:00:17]} 50. Kf2 {[%emt 0:01:28]} b5 {[%emt 0:02:25]} 51. Kg3 {
[%emt 0:01:02]} Kd5 {[%emt 0:03:29]} 52. Kf3 {[%emt 0:02:51]} Kd4+ {
[%emt 0:01:08]} 53. Kg3 {[%emt 0:00:21]} Kc3 {[%emt 0:04:20]} 54. Be3 {
[%emt 0:00:19]} a5 {[%emt 0:02:52]} 55. Kh4 {[%emt 0:00:22]} b4 {[%emt 0:02:24]
} 56. axb4 {[%emt 0:00:12]} axb4 {[%emt 0:00:05]} 57. Bf4 {[%emt 0:01:15]} b3 {
[%emt 0:00:25]} 58. Kxh5 {[%emt 0:00:33]} b2 {[%emt 0:00:11]} 59. Be5+ {
[%emt 0:00:24]} Kc2 {[%emt 0:00:06]} 60. Bxb2 {[%emt 0:00:07]} Kxb2 {
[%emt 0:00:03]} 0-1

[Event "33ème Open International d'Avoine"]
[Site "Avoine"]
[Date "2018.07.21"]
[Round "9.11"]
[White "Bournel, Antoine"]
[Black "Zachary, Matheo"]
[Result "1/2-1/2"]
[WhiteElo "2066"]
[BlackElo "2271"]
[PlyCount "101"]
[EventDate "2018.??.??"]

1. e4 c5 2. Nf3 Nc6 3. Bb5 Nf6 4. Bxc6 dxc6 5. d3 Bg4 6. h3 Bh5 7. Nbd2 Nd7 8.
g4 Bg6 9. Nc4 Qc7 10. Be3 e5 11. Nh4 O-O-O 12. Qf3 f6 13. Nxg6 hxg6 14. h4 b5
15. Nd2 Qa5 16. Kf1 Qa4 17. b3 Qa3 18. Kg2 Qb2 19. Qd1 Be7 20. Qc1 Qxc1 21.
Raxc1 Nf8 22. Rh3 Ne6 23. Rch1 Kd7 24. h5 g5 25. Ra1 Kc7 26. Rhh1 Nd4 27. Rhc1
Kb6 28. Kf1 g6 29. Bxd4 cxd4 30. hxg6 Rh4 31. Ke2 Rxg4 32. Rh1 Rg8 33. Rh7 Bb4
34. g7 Rf4 35. Nf3 Kc5 36. Rg1 Bc3 37. Rgh1 Kd6 38. R1h6 Ke7 39. Rh8 Rxg7 40.
R6h7 Kf7 41. Rxg7+ Kxg7 42. Rc8 Kg6 43. Rg8+ Kh6 44. Rh8+ Kg7 45. Ra8 Kg6 46.
Rxa7 Kh5 47. Rh7+ Kg6 48. Rc7 Kh5 49. Rh7+ Kg6 50. Rc7 Kh5 51. Rh7+ 1/2-1/2

[Event "33ème Open International d'Avoine"]
[Site "Avoine"]
[Date "2018.07.21"]
[Round "9.12"]
[White "Devallee, Jeremie"]
[Black "Engelmann, Herve"]
[Result "1-0"]
[WhiteElo "2230"]
[BlackElo "1998"]
[PlyCount "73"]
[EventDate "2018.??.??"]

1. e4 c5 2. d4 cxd4 3. c3 d3 4. Bxd3 Nc6 5. c4 g6 6. Nf3 Bg7 7. O-O d6 8. h3
Nf6 9. Nc3 O-O 10. Be3 b6 11. Rc1 Bb7 12. Bb1 Nd7 13. b3 Nce5 14. Nd4 Nc5 15.
f4 Nc6 16. Nf3 a6 17. h4 Nd7 18. h5 Nf6 19. hxg6 hxg6 20. Nd5 Nd7 21. Ng5 e6
22. Nc3 Nf6 23. Qf3 Rb8 24. Qh3 Re8 25. g4 Ba8 26. Ne2 b5 27. c5 dxc5 28. e5
Nd7 29. Qh7+ Kf8 30. Nxf7 Kxf7 31. Bxg6+ Kf8 32. f5 Ncxe5 33. f6 Nxf6 34. Bxc5+
Re7 35. g5 Qd5 36. Bxe7+ Kxe7 37. Qxg7+ 1-0

[Event "33ème Open International d'Avoine"]
[Site "Avoine"]
[Date "2018.07.21"]
[Round "9.13"]
[White "Najart, David"]
[Black "Nguyen-Cadoret, Nathan"]
[Result "0-1"]
[WhiteElo "2230"]
[BlackElo "1923"]
[PlyCount "142"]
[EventDate "2018.??.??"]

1. c4 e5 2. g3 Nf6 3. Bg2 d5 4. cxd5 Nxd5 5. Nc3 Be6 6. Nf3 Nc6 7. d3 Be7 8.
O-O Nb6 9. Bd2 O-O 10. Qc1 f6 11. Ne4 Qd7 12. Nc5 Bxc5 13. Qxc5 a5 14. Rfc1 Qd6
15. Be3 Nd5 16. Nd2 Qxc5 17. Rxc5 Nce7 18. Rcc1 Nxe3 19. fxe3 c6 20. Nb3 Bd5
21. Bxd5+ Nxd5 22. e4 Ne7 23. Nc5 Ra7 24. Nd7 Rd8 25. Nb6 Ra6 26. Na4 b6 27.
Rc3 Rd4 28. b3 c5 29. Rf1 Rd6 30. g4 h6 31. Kg2 Ng6 32. e3 Ra8 33. Kg3 Rad8 34.
Nb2 Ne7 35. h4 Nc6 36. a3 Na7 37. Ra1 Nb5 38. Rc2 Rxd3 39. Nxd3 Rxd3 40. Kf2
Rxb3 41. Rd1 Nxa3 42. Rd8+ Kh7 43. Rcd2 Nc4 44. R2d7 Nxe3 45. h5 Nxg4+ 46. Kg2
Ne3+ 47. Kf3 Nd5+ 48. Kg4 Nf4 49. Re8 Rb1 50. Rb7 c4 51. Rc8 b5 52. Rbb8 Rg1+
53. Kf3 Nxh5 54. Rxb5 Rg3+ 55. Kf2 Rc3 56. Rbc5 Ng3 57. Rxc4 Nxe4+ 58. Ke2 Rxc4
59. Rxc4 Ng5 60. Ra4 Kg6 61. Rxa5 Kf5 62. Ke3 Ne6 63. Ra1 h5 64. Rh1 Nf4 65.
Rg1 g5 66. Kf3 g4+ 67. Ke3 h4 68. Rh1 g3 69. Kf3 e4+ 70. Ke3 g2 71. Ra1 h3 0-1

[Event "33ème Open International d'Avoine"]
[Site "Avoine"]
[Date "2018.07.21"]
[Round "9.14"]
[White "Bressy, Theo"]
[Black "Dubois, Thomas"]
[Result "1-0"]
[WhiteElo "2194"]
[BlackElo "1895"]
[PlyCount "49"]
[EventDate "2018.??.??"]

1. Nf3 f5 2. d3 Nf6 3. e4 d6 4. exf5 Bxf5 5. d4 Nbd7 6. Bf4 c6 7. Bd3 Bg4 8.
O-O Qc7 9. Nbd2 O-O-O 10. h3 Nd5 11. Bh2 Bxf3 12. Nxf3 e5 13. Ng5 Re8 14. Bxh7
Nf4 15. Bxf4 exf4 16. Bg6 Re7 17. Qg4 d5 18. Nf7 Rh6 19. Nxh6 gxh6 20. Rfe1 Qd6
21. Rxe7 Bxe7 22. Bf5 Kc7 23. Bxd7 Qxd7 24. Qxf4+ Bd6 25. Qxh6 1-0

[Event "33ème Open International d'Avoine"]
[Site "Avoine"]
[Date "2018.07.21"]
[Round "9.15"]
[White "Djidjeli, Sarah"]
[Black "Coiffait, Pierre-Basile"]
[Result "0-1"]
[WhiteElo "1927"]
[BlackElo "2253"]
[PlyCount "106"]
[EventDate "2018.??.??"]

1. e4 e5 2. Nf3 Nc6 3. Bc4 Bc5 4. c3 Nf6 5. d3 a6 6. Bb3 Ba7 7. O-O O-O 8. Be3
d5 9. exd5 Nxd5 10. Bxa7 Rxa7 11. Qe1 Nf4 12. d4 exd4 13. cxd4 Re8 14. Qd2 Ne2+
15. Kh1 Nexd4 16. Nxd4 Qxd4 17. Qxd4 Nxd4 18. Nd2 Nxb3 19. Nxb3 Ra8 20. Rac1
Re7 21. Rfd1 Bf5 22. h3 h6 23. Rd2 Kf8 24. Na5 c6 25. Nc4 Be6 26. Nb6 Rae8 27.
b3 f6 28. Kh2 Bf5 29. Kg3 Re2 30. Rcd1 Rxd2 31. Rxd2 Ke7 32. Na4 Rd8 33. Re2+
Kd6 34. Nb6 Kc7 35. Na4 a5 36. Kf4 Bc8 37. f3 b5 38. Nc3 Rd3 39. Ne4 a4 40.
bxa4 bxa4 41. Nc5 Rd4+ 42. Re4 Rd2 43. Rxa4 Rxg2 44. h4 Kb6 45. Nd3 Be6 46. a3
c5 47. Ra6+ Kxa6 48. Nxc5+ Kb5 49. Nxe6 Kc6 50. a4 Kd6 51. Nd4 Ke7 52. a5 Ra2
53. Kg4 Ra4 0-1

[Event "33ème Open International d'Avoine"]
[Site "Avoine"]
[Date "2018.07.21"]
[Round "9.16"]
[White "Eugene, Floryan"]
[Black "Kern, Nicolas"]
[Result "1-0"]
[WhiteElo "2332"]
[BlackElo "2104"]
[PlyCount "61"]
[EventDate "2018.??.??"]

1. e4 c5 2. Nf3 e6 3. Qe2 Nc6 4. g3 Qc7 5. Bg2 Be7 6. O-O d6 7. c3 Nf6 8. d4 e5
9. d5 Nb8 10. Nh4 Bg4 11. f3 Bh5 12. Nf5 O-O 13. b4 Na6 14. Nd2 cxb4 15. cxb4
Nxb4 16. Qc4 Qb6+ 17. Kh1 Bd8 18. Rb1 a5 19. a3 g6 20. Nh4 Nbxd5 21. Rxb6 Nxb6
22. Qb5 Nfd7 23. Bh3 f5 24. exf5 Bxh4 25. gxh4 gxf5 26. Nc4 Nxc4 27. Qxd7 Rf7
28. Qe6 b5 29. Qh6 Bg6 30. h5 Rf6 31. Rg1 1-0

[Event "33ème Open International d'Avoine"]
[Site "Avoine"]
[Date "2018.07.21"]
[Round "9.17"]
[White "Viel, Simon"]
[Black "Droin, Augustin"]
[Result "1/2-1/2"]
[WhiteElo "2316"]
[BlackElo "2095"]
[PlyCount "120"]
[EventDate "2018.??.??"]

1. e4 c5 2. Nf3 d6 3. d4 cxd4 4. Nxd4 Nf6 5. Nc3 a6 6. Nb3 e6 7. g4 b5 8. Bg2
Bb7 9. g5 Nfd7 10. f4 Qc7 11. Be3 Nc6 12. Qe2 Nb6 13. O-O-O b4 14. Nb1 a5 15.
N1d2 a4 16. Nd4 Nxd4 17. Bxd4 Ba6 18. Qe3 Rc8 19. c3 bxc3 20. Bxc3 a3 21. Kb1
axb2 22. Bxb2 Qc2+ 23. Ka1 Na4 24. Qb3 Qxb2+ 25. Qxb2 Nxb2 26. Kxb2 Be7 27. Nb3
Bc4 28. Rc1 O-O 29. Bf1 d5 30. Bxc4 dxc4 31. Nd2 e5 32. Rxc4 Rxc4 33. Nxc4 exf4
34. Rg1 Rc8 35. Kb3 Rb8+ 36. Kc3 Ra8 37. a3 Bxa3 38. Rf1 Be7 39. h4 f6 40. gxf6
Bxf6+ 41. e5 Bxh4 42. Rxf4 Be7 43. Kd4 Rd8+ 44. Ke4 Bc5 45. e6 g5 46. Rg4 h6
47. Ke5 Kg7 48. Rg2 Bd4+ 49. Ke4 Bf6 50. Rd2 Rxd2 51. Nxd2 Bc3 52. Nf3 Kf6 53.
e7 Kxe7 54. Kf5 Bf6 55. Kg4 Ke6 56. Kh5 Kf5 57. Nh2 Bg7 58. Ng4 Kf4 59. Nf2 Kg3
60. Ne4+ Kf4 1/2-1/2

[Event "33ème Open International d'Avoine"]
[Site "Avoine"]
[Date "2018.07.21"]
[Round "9.18"]
[White "Tomasi, Albert"]
[Black "Le, Quan Anh"]
[Result "1-0"]
[WhiteElo "2302"]
[BlackElo "2068"]
[PlyCount "57"]
[EventDate "2018.??.??"]

1. e4 e5 2. Nf3 f5 3. Nxe5 Qf6 4. Nc4 fxe4 5. Nc3 Qf7 6. Ne3 Nf6 7. Bc4 Qg6 8.
d3 Nc6 9. Nxe4 d6 10. Nxf6+ gxf6 11. Nd5 Ne5 12. Bf4 c6 13. Ne3 d5 14. Bb3 Bb4+
15. Kf1 d4 16. Bxe5 fxe5 17. Nc4 e4 18. dxe4 Rg8 19. Qf3 Bg4 20. Qg3 O-O-O 21.
Ne5 Qxe4 22. f3 Bxf3 23. gxf3 Rxg3 24. Be6+ Kc7 25. fxe4 Rf8+ 26. Bf5 Re3 27.
Kg2 Rg8+ 28. Kf2 Rf8 29. Nf3 1-0

[Event "33ème Open International d'Avoine"]
[Site "Avoine"]
[Date "2018.07.21"]
[Round "9.19"]
[White "Malassagne, Raphael"]
[Black "Garcia, Adrien"]
[Result "1-0"]
[WhiteElo "2275"]
[BlackElo "2066"]
[PlyCount "159"]
[EventDate "2018.??.??"]

1. d4 Nf6 2. Bf4 d5 3. e3 c5 4. Nc3 cxd4 5. exd4 e6 6. Nb5 Na6 7. c3 Be7 8. Nf3
O-O 9. h3 Bd7 10. a4 Ne8 11. Bd3 Nb8 12. Ne5 a6 13. Na3 Nc6 14. Nc2 Nd6 15. O-O
Nxe5 16. dxe5 Nc4 17. Rb1 b5 18. axb5 axb5 19. Qh5 g6 20. Qe2 Qc7 21. Rfc1 Rfb8
22. b3 Na3 23. Nxa3 Bxa3 24. Rc2 Bf8 25. h4 Bg7 26. h5 Ra3 27. Bc1 Ra6 28. f4
Rc6 29. Bd2 d4 30. Rbc1 dxc3 31. Rxc3 Rbb6 32. Be4 Rxc3 33. Rxc3 Qd8 34. Qd3
Rb8 35. Rc1 Bf8 36. Be3 Be8 37. Qe2 b4 38. Qg4 Rc8 39. Rd1 Qa5 40. hxg6 hxg6
41. Bxg6 Rc3 42. Be4+ Bg7 43. Bf2 Kf8 44. Bh4 Qc5+ 45. Kh1 Rc1 46. Bg5 Bc6 47.
Bxc6 Qxc6 48. Kh2 Rxd1 49. Qxd1 Kg8 50. Qd8+ Kh7 51. Qe7 Kg6 52. Qxb4 Qc2 53.
Qc4 Qb1 54. b4 Bxe5 55. Bh4 Bb8 56. Qd4 Qf5 57. Bg3 Kh7 58. Qc5 Qg6 59. Qg5 Qd3
60. Qf6 Kg8 61. Bh4 Qd2 62. Bg5 Qxb4 63. Bh6 Bxf4+ 64. Bxf4 Qe4 65. Qg5+ Kh7
66. Qh5+ Kg7 67. Bh6+ Kh7 68. Bf4+ Kg8 69. Qg5+ Kh7 70. Be5 Qg6 71. Qh4+ Qh6
72. Kg3 Qxh4+ 73. Kxh4 Kg6 74. Kg4 f6 75. Bc7 e5 76. Bd8 f5+ 77. Kh4 Kf7 78.
Kg5 Ke6 79. Bb6 f4 80. Ba7 1-0

[Event "33ème Open International d'Avoine"]
[Site "Avoine"]
[Date "2018.07.21"]
[Round "9.20"]
[White "Mazzella, Enzo"]
[Black "Harutyunyan, Safar"]
[Result "1-0"]
[WhiteElo "2273"]
[BlackElo "2050"]
[PlyCount "59"]
[EventDate "2018.??.??"]

1. e4 c5 2. Nc3 a6 3. g3 b5 4. Bg2 Bb7 5. a4 b4 6. Nd5 e6 7. Ne3 Nf6 8. d3 d5
9. exd5 exd5 10. Ne2 Nc6 11. O-O Qd7 12. Re1 Be7 13. Nf4 Nd4 14. Bh3 Qc6 15. c3
Ne6 16. Nf5 g6 17. Nxe7 Kxe7 18. Nxe6 fxe6 19. Rxe6+ Qxe6 20. Bxe6 Kxe6 21.
cxb4 cxb4 22. Qe1+ Kf7 23. Qxb4 Bc6 24. Bf4 Rhe8 25. Rc1 Bd7 26. Bg5 Rac8 27.
Rxc8 Rxc8 28. Bxf6 Kxf6 29. Qh4+ g5 30. Qh6+ 1-0

[Event "33ème Open International d'Avoine"]
[Site "Avoine"]
[Date "2018.07.21"]
[Round "9.21"]
[White "Gao, Etienne"]
[Black "Deveque, Guillaume"]
[Result "1/2-1/2"]
[WhiteElo "2249"]
[BlackElo "2043"]
[PlyCount "109"]
[EventDate "2018.??.??"]

1. e4 e6 2. d4 d5 3. Nc3 Bb4 4. Nge2 dxe4 5. a3 Be7 6. Nxe4 Nf6 7. N2c3 Nbd7 8.
Bd3 c5 9. dxc5 Nxe4 10. Nxe4 Nxc5 11. Nxc5 Bxc5 12. O-O Qb6 13. b4 Bd4 14. c3
Bf6 15. Be3 Qc7 16. Bc5 Be7 17. Bd4 O-O 18. f4 Bd6 19. Qf3 Bd7 20. Rae1 Rae8
21. Qg3 g6 22. Qg5 f5 23. Qg3 b6 24. h4 Kf7 25. h5 Rg8 26. hxg6+ Rxg6 27. Qh4
Reg8 28. Rf2 Bc6 29. Qxh7+ Kf8 30. Qxc7 Bxc7 31. Ree2 Kf7 32. Bc4 Ke7 33. Bd3
Kd7 34. Rd2 Kc8 35. Bc4 Be4 36. a4 Re8 37. Ba6+ Kb8 38. c4 e5 39. Bb5 Re7 40.
Bxe5 Bxe5 41. fxe5 Rxe5 42. Rd8+ Kc7 43. Rd7+ Kb8 44. Rfd2 Re8 45. c5 bxc5 46.
bxc5 Reg8 47. Bf1 R6g7 48. Rxg7 Rxg7 49. Bd3 Rd7 50. Rb2+ Kc7 51. Bxe4 fxe4 52.
Kf2 Rd4 53. Ke3 Rxa4 54. g4 Rc4 55. g5 1/2-1/2

[Event "33ème Open International d'Avoine"]
[Site "Avoine"]
[Date "2018.07.21"]
[Round "9.22"]
[White "Real, Thibault"]
[Black "Suez-Panama, Gilles"]
[Result "1-0"]
[WhiteElo "2246"]
[BlackElo "2010"]
[PlyCount "77"]
[EventDate "2018.??.??"]

1. d4 Nf6 2. Bf4 d6 3. Nc3 c6 4. Nf3 b5 5. a3 Bb7 6. e4 a6 7. e5 dxe5 8. dxe5
Nd5 9. Nxd5 Qxd5 10. Qxd5 cxd5 11. e6 fxe6 12. Nd4 Kf7 13. g3 Nc6 14. Nf3 h6
15. Bh3 Rg8 16. Be5 g5 17. Bg4 Bg7 18. Bxg7 Rxg7 19. O-O-O Rd8 20. Rhe1 Rd6 21.
Ne5+ Kf6 22. f4 gxf4 23. gxf4 Bc8 24. Re2 Nd8 25. h3 Rb6 26. Rd3 Nf7 27. Rc3
Nd6 28. Rxc8 Nxc8 29. Nd7+ Kf7 30. Nxb6 Nxb6 31. Bxe6+ Kf8 32. b3 Rg3 33. Re5
Rg6 34. Kd2 Kg7 35. Kd3 Rf6 36. f5 Rf8 37. Kd4 Kf6 38. Re3 Rd8 39. Rg3 1-0